Perfect incompressible fluids / (Record no. 29977)
[ view plain ]
| 000 -LEADER | |
|---|---|
| fixed length control field | 00937 a2200217 4500 |
| 020 ## - INTERNATIONAL STANDARD BOOK NUMBER | |
| International Standard Book Number | 0198503970 |
| 020 ## - INTERNATIONAL STANDARD BOOK NUMBER | |
| International Standard Book Number | 9780198503972 |
| 082 04 - DEWEY DECIMAL CLASSIFICATION NUMBER | |
| Classification number | 620.1064 |
| 090 ## - LOCALLY ASSIGNED LC-TYPE CALL NUMBER (OCLC); LOCAL CALL NUMBER (RLIN) | |
| -- | 1365 |
| -- | 1365 |
| 100 1# - MAIN ENTRY--PERSONAL NAME | |
| Personal name | Chemin, Jean-Yves. |
| 245 10 - TITLE STATEMENT | |
| Title | Perfect incompressible fluids / |
| Statement of responsibility, etc. | Jean-Yves Chemin, Isabelle Gallagher, Dragos Iftimie. |
| 260 ## - PUBLICATION, DISTRIBUTION, ETC. | |
| Place of publication, distribution, etc. | [S.l.] : |
| Name of publisher, distributor, etc. | Oxford University Press, USA, |
| Date of publication, distribution, etc. | 1998. |
| 300 ## - PHYSICAL DESCRIPTION | |
| Extent | 200 p. ; |
| Dimensions | 24 cm. |
| 490 1# - SERIES STATEMENT | |
| Series statement | Oxford lecture series in mathematics and its applications, 14. |
| 700 1# - ADDED ENTRY--PERSONAL NAME | |
| Personal name | Gallagher, Isabelle. |
| 700 1# - ADDED ENTRY--PERSONAL NAME | |
| Personal name | Iftimie, Dragos. |
| 830 #0 - SERIES ADDED ENTRY--UNIFORM TITLE | |
| Uniform title | Oxford lecture series in mathematics and its applications, 14. |
| 942 ## - ADDED ENTRY ELEMENTS (KOHA) | |
| Institution code [OBSOLETE] | SNS |
| Koha item type | Book |
| Call number prefix | 620.1064 CHE |
| Withdrawn status | Lost status | Damaged status | Not for loan | Permanent Location | Current Location | Date acquired | Total Checkouts | Full call number | Barcode | Date last seen | Price effective from | Koha item type |
|---|---|---|---|---|---|---|---|---|---|---|---|---|
| School of Natural Sciences (SNS) | School of Natural Sciences (SNS) | 05/26/2016 | 620.1064 CHE | SNS0000508 | 05/26/2016 | 05/26/2016 | Book | |||||
| School of Natural Sciences (SNS) | School of Natural Sciences (SNS) | 05/26/2016 | 620.1064 CHE | SNS0000686 | 05/26/2016 | 05/26/2016 | Book |
